Biblioteca y Centro de Documentación

Informe anual 2011 de la inspección de trabajo y Seguridad Social (Registro nro. 24731)

Detalles MARC
000 -CABECERA
Longitud fija campo de control 01731nam a2200433 c 4500
001 - NÚMERO DE CONTROL
Número de control 24731
003 - IDENTIFICADOR DE NÚMERO DE CONTROL
Identificador del número de control ES-MaCES
005 - FECHA Y HORA DE LA ÚLTIMA TRANSACCIÓN
Fecha y hora de la última transacción 20200213120436.0
008 - CAMPO FIJO DE DESCRIPCIÓN FIJA--INFORMACIÓN GENERAL
Códigos de información de longitud fija   121025s2012 sp bd t o000 | spa d
024 7# - OTROS IDENTIFICADORES
Número normalizado o código 270-12-090-2
Fuente del número o código nipo
024 7# - OTROS IDENTIFICADORES
Número normalizado o código 270-12-088-4
Fuente del número o código nipo
035 ## - NÚMERO DE CONTROL DEL SISTEMA
Número de control del sistema CES20120007186m
040 ## - FUENTE DE CATALOGACIÓN
Centro catalogador de origen ES-MaCES
Lengua de catalogación spa
Centro transcriptor ES-MaCES
110 1# - ENCABEZAMIENTO PRINCIPAL--NOMBRE CORPORATIVO
Nombre de entidad corporativa o nombre de jurisdicción como elemento inicial España
Unidad subordinada Dirección General de la Inspección de Trabajo y Seguridad Social
9 (RLIN) 2815
245 10 - MENCIÓN DE TÍTULO
Título Informe anual 2011 de la inspección de trabajo y Seguridad Social
Mención de responsabilidad, etc. documento elaborado por, Dirección General de la Inspección de Trabajo y Seguridad Social
260 ## - PUBLICACIÓN, DISTRIBUCIÓN, ETC (PIE DE IMPRENTA)
Lugar de publicación, distribución, etc. Madrid
Nombre del editor, distribuidor, etc. Ministerio de Trabajo e Inmigración, Subdirección General de Información Administrativa y Publicaciones
Fecha de publicación, distribución, etc. [2012]
300 ## - DESCRIPCIÓN FÍSICA
Extensión 224 p.
Otras características físicas gráf., mapas col.
Dimensiones 30 cm
Material anejo 1 CD-ROM
500 ## - NOTA GENERAL
Nota general Publ. simultáneamente en CD-ROM
541 ## - NOTA DE LA FUENTE INMEDIANTE DE ADQUISICIÓN
Forma de adquisición Gratuito
650 #4 - ASIENTO SECUNDARIO DE MATERIA--TÉRMINO DE MATERIA
Término de materia o nombre geográfico como elemento inicial inspección del trabajo
9 (RLIN) 28213
650 #4 - ASIENTO SECUNDARIO DE MATERIA--TÉRMINO DE MATERIA
Término de materia o nombre geográfico como elemento inicial seguridad en el trabajo
9 (RLIN) 28348
650 #4 - ASIENTO SECUNDARIO DE MATERIA--TÉRMINO DE MATERIA
Término de materia o nombre geográfico como elemento inicial salud en el trabajo
9 (RLIN) 28347
650 #4 - ASIENTO SECUNDARIO DE MATERIA--TÉRMINO DE MATERIA
Término de materia o nombre geográfico como elemento inicial seguridad social
9 (RLIN) 27034
650 #4 - ASIENTO SECUNDARIO DE MATERIA--TÉRMINO DE MATERIA
Término de materia o nombre geográfico como elemento inicial contratación
9 (RLIN) 28323
650 #4 - ASIENTO SECUNDARIO DE MATERIA--TÉRMINO DE MATERIA
Término de materia o nombre geográfico como elemento inicial economía sumergida
9 (RLIN) 29567
650 #4 - ASIENTO SECUNDARIO DE MATERIA--TÉRMINO DE MATERIA
Término de materia o nombre geográfico como elemento inicial España
9 (RLIN) 26964
650 #4 - ASIENTO SECUNDARIO DE MATERIA--TÉRMINO DE MATERIA
Término de materia o nombre geográfico como elemento inicial Comunidades Autónomas
9 (RLIN) 30768
650 #4 - ASIENTO SECUNDARIO DE MATERIA--TÉRMINO DE MATERIA
Término de materia o nombre geográfico como elemento inicial 2011
9 (RLIN) 31999
650 #4 - ASIENTO SECUNDARIO DE MATERIA--TÉRMINO DE MATERIA
Término de materia o nombre geográfico como elemento inicial informe de actividades
9 (RLIN) 28984
650 #4 - ASIENTO SECUNDARIO DE MATERIA--TÉRMINO DE MATERIA
Término de materia o nombre geográfico como elemento inicial memoria anual
9 (RLIN) 28977
650 #4 - ASIENTO SECUNDARIO DE MATERIA--TÉRMINO DE MATERIA
Término de materia o nombre geográfico como elemento inicial CD ROM
9 (RLIN) 30331
653 10 - TÉRMINO DE INDEXACIÓN--NO CONTROLADO
Término no controlado Administración-Instituciones públicas
650 #4 - ASIENTO SECUNDARIO DE MATERIA--TÉRMINO DE MATERIA
9 (RLIN) 28369
Término de materia o nombre geográfico como elemento inicial relaciones laborales
710 1# - ENCABEZAMIENTO SECUNDARIO--NOMBRE CORPORATIVO
Nombre de entidad o nombre de jurisdicción como elemento inicial España
Unidad subordinada Ministerio de Trabajo y Asuntos Sociales
Término indicativo de función ed.
9 (RLIN) 3273
787 0# - ENTRADA DE OTRAS ESPECIFICACIONES
Título Informe anual 2010 de la inspección de trabajo y Seguridad Social
Número de control del registro relacionado (ES-MaCES)23974
902 ## - CES. TIPO DE DOCUMENTO
Tipodoc (006$c Sirtex) LIB Libro
942 ## - ELEMENTOS KOHA
Fuente de clasificaión o esquema Clasificación propia del CES
Koha [por defecto] tipo de item Monografías
Parte de clasificación 6.3.
Existencias
Número de registro Signatura completa Tipo de item de Koha
082273 DPT-11799 Monografías
082276 SR-CD-1075 Monografías
© CES, Consejo Económico y Social de España 2021